| 000 | 00817nmc a2200289 a 4500 | ||
|---|---|---|---|
| 003 | AR-BaBNM | ||
| 005 | 20251128205847.0 | ||
| 008 | 278019s1997 ||||||||||||||000 | spa|| | ||
| 020 | _a950-694-525-X | ||
| 040 | _cAR-BaBNM | ||
| 100 | 1 | _aPiñeiro Iñiguez, Carlos | |
| 245 | 1 | 0 |
_aHijos del desierto _bNamibia, el nacimiento de una nación |
| 250 | _a1ª ed. | ||
| 260 |
_aBuenos Aires _bNuevo Hacer _bInstituto del Servicio Exterior de la Nación _c1997 |
||
| 300 | 0 |
_a431 p. _bmapas |
|
| 490 | 0 | _aEstudios internacionales | |
| 504 | _aBibliografía p. 415-423 | ||
| 650 | 4 | _aHISTORIA AFRICANA | |
| 650 | 4 | _aTERRITORIOS OCUPADOS | |
| 650 | 4 | _aCOLONIZACION | |
| 650 | 4 | _aDESCOLONIZACION | |
| 650 | 4 | _aREPARTO DE TIERRAS | |
| 651 | 4 | _aEuropa | |
| 651 | 4 | _aNamibia | |
| 942 | _cBK | ||
| 998 | _cMariana | ||
| 999 |
_c13056 _d13056 |
||